[Event "European Rapid 2011"]
[Site "Warsaw POL"]
[Date "2011.12.17"]
[Round "2"]
[White "Reza, Wojciech"]
[Black "Antoniewski, Rafal"]
[Result "0-1"]
[BlackTitle "GM"]
[WhiteElo "2073"]
[BlackElo "2559"]
[WhiteFideId "1151967"]
[BlackFideId "1111078"]
[EventDate "2011.12.17"]

1. d4 g6 2. e4 Bg7 3. c4 d6 4. Nc3 e5 5. Nge2 Nd7 6. Be3 Ne7 7. Qd2 exd4 8. Nxd4
Nc6 9. Be2 O-O 10. O-O Re8 11. Rad1 Nde5 12. Nd5 a6 13. b3 Ng4 14. Bxg4 Bxg4 15.
f3 Bd7 16. Ne2 b6 17. Bh6 Bh8 18. Ng3 f6 19. Be3 Be6 20. f4 Bf7 21. f5 Ne5 22.
fxg6 hxg6 23. h3 Rb8 24. Qf2 Bxd5 25. Rxd5 Qe7 26. Rd2 Qh7 27. Ne2 Nf7 28. Qf4
g5 29. Qf2 Qxe4 30. Bd4 Re6 31. Nc3 Qh7 32. Nd5 Ne5 33. Bxe5 fxe5 34. Qf5 Qxf5
35. Rxf5 Rb7 36. Rxg5+ Kh7 37. Rf2 c6 0-1

[Event "European Rapid 2011"]
[Site "Warsaw POL"]
[Date "2011.12.17"]
[Round "2"]
[White "Shimanov, Aleksandr"]
[Black "Adamowicz, Katarzyna"]
[Result "1-0"]
[WhiteTitle "GM"]
[BlackTitle "WFM"]
[WhiteElo "2549"]
[BlackElo "2082"]
[WhiteFideId "4198603"]
[BlackFideId "1134043"]
[EventDate "2011.12.17"]

1. d4 Nf6 2. c4 e6 3. Nf3 d5 4. Nc3 c6 5. Bg5 Be7 6. e3 Nbd7 7. Qc2 O-O 8. Bd3
dxc4 9. Bxc4 Nd5 10. Bxe7 Qxe7 11. O-O Nxc3 12. Qxc3 b6 13. b4 Bb7 14. Be2 c5
15. dxc5 bxc5 16. b5 e5 17. Rfc1 Rfc8 18. a4 Re8 19. a5 Rac8 20. Nd2 Nf6 21. Nc4
Ne4 22. Qe1 Nd6 23. a6 Bd5 24. b6 Nxc4 25. b7 Qg5 26. g3 Nb6 27. bxc8=Q Rxc8 28.
Ra5 Qf5 29. Raxc5 Rxc5 30. Rxc5 Qe4 31. f3 Qxe3+ 32. Qf2 Qa3 33. Rc7 h5 34. Rxa7
Qd6 35. Bd3 g6 36. Qe3 Kg7 37. f4 exf4 38. gxf4 Ba8 39. Qe5+ 1-0

[Event "European Rapid 2011"]
[Site "Warsaw POL"]
[Date "2011.12.17"]
[Round "2"]
[White "Grygierczyk, Wojciech"]
[Black "Gritsak, Orest"]
[Result "0-1"]
[BlackTitle "GM"]
[WhiteElo "2069"]
[BlackElo "2548"]
[WhiteFideId "1139193"]
[BlackFideId "14102188"]
[EventDate "2011.12.17"]

1. Nf3 c5 2. c4 Nf6 3. Nc3 e6 4. g3 b6 5. Bg2 Bb7 6. O-O a6 7. d4 cxd4 8. Qxd4
d6 9. Bg5 Nbd7 10. Rfd1 Be7 11. Bxf6 Nxf6 12. Ng5 Bxg2 13. Kxg2 O-O 14. Nge4 Qc7
15. Rac1 Rfd8 16. Nxf6+ Bxf6 17. Qd3 Rac8 18. Ne4 Bxb2 19. Rb1 Be5 20. f4 Bf6
21. Nxf6+ gxf6 22. Qd4 Qxc4 23. Qxc4 Rxc4 24. Rxb6 Rc2 25. Kf3 Rxa2 26. Rdxd6
Rxd6 27. Rxd6 f5 28. h3 h5 29. Rd8+ Kg7 30. Ra8 Ra3+ 31. Kg2 a5 32. h4 a4 33.
Kf2 Ra1 34. Ra7 a3 35. Ra8 a2 36. Kg2 Kf6 37. Ra7 Kg6 38. Kh2 Kg7 39. Ra8 f6 40.
Kg2 Kf7 41. Ra7+ Ke8 42. Kh2 Kd8 43. Kg2 Kc8 0-1

[Event "European Rapid 2011"]
[Site "Warsaw POL"]
[Date "2011.12.17"]
[Round "3"]
[White "Potkin, Vladimir"]
[Black "Zawadzka, Jolanta"]
[Result "1-0"]
[WhiteTitle "GM"]
[BlackTitle "WGM"]
[WhiteElo "2684"]
[BlackElo "2326"]
[WhiteFideId "4131061"]
[BlackFideId "1122320"]
[EventDate "2011.12.17"]

1. c4 e6 2. Nc3 d5 3. d4 Bb4 4. Nf3 Nf6 5. e3 O-O 6. Bd3 dxc4 7. Bxc4 c5 8. O-O
cxd4 9. exd4 b6 10. Bg5 Bb7 11. Rc1 Nbd7 12. Re1 Rc8 13. Bd3 Qe7 14. Qe2 Qd6 15.
Red1 Rfe8 16. Ne5 Bxc3 17. bxc3 Nxe5 18. dxe5 Qc6 19. Qf1 Ng4 20. Bb5 Qc5 1-0

[Event "European Rapid 2011"]
[Site "Warsaw POL"]
[Date "2011.12.17"]
[Round "3"]
[White "Janczarski, Michal"]
[Black "Korobov, Anton"]
[Result "0-1"]
[BlackTitle "GM"]
[WhiteElo "2302"]
[BlackElo "2660"]
[WhiteFideId "1131940"]
[BlackFideId "14105730"]
[EventDate "2011.12.17"]

1. Nf3 Nf6 2. c4 g6 3. Nc3 Bg7 4. g3 O-O 5. Bg2 Nc6 6. O-O a6 7. Rb1 d5 8. d3
dxc4 9. dxc4 Bf5 10. Ra1 Ne4 11. Qxd8 Raxd8 12. Nd5 Nd6 13. Nd2 Rd7 14. e4 Be6
15. Rb1 Nd4 16. b3 Ne2+ 17. Kh1 c6 18. Nb6 Rdd8 19. Bb2 Nc3 20. Ra1 Nc8 21. Nxc8
Bxc8 22. Nf3 Nxe4 23. Bxg7 Kxg7 24. Rae1 f5 25. Ng1 Nd2 26. Rxe7+ Kf6 27. Rfe1
Ne4 28. Bxe4 Kxe7 29. Bxc6+ Kf6 30. Bd5 Rfe8 31. Rc1 b5 32. Nf3 Re2 33. Kg2 Rxa2
34. Nd4 0-1

[Event "European Rapid 2011"]
[Site "Warsaw POL"]
[Date "2011.12.17"]
[Round "3"]
[White "Timofeev, Artyom"]
[Black "Rogule, Laura"]
[Result "1-0"]
[WhiteTitle "GM"]
[BlackTitle "WGM"]
[WhiteElo "2659"]
[BlackElo "2312"]
[WhiteFideId "4140419"]
[BlackFideId "11601876"]
[EventDate "2011.12.17"]

1. c4 e5 2. d3 Nf6 3. Nf3 Bb4+ 4. Nbd2 d6 5. g3 a5 6. a3 Bc5 7. Bg2 a4 8. O-O
O-O 9. b4 axb3 10. Nxb3 Ba7 11. a4 Re8 12. Nfd2 d5 13. cxd5 Nxd5 14. Bb2 Na6 15.
Rc1 f6 16. d4 exd4 17. Bxd4 Bxd4 18. Nxd4 1-0

[Event "European Rapid 2011"]
[Site "Warsaw POL"]
[Date "2011.12.17"]
[Round "3"]
[White "Doluhanova, Evgeniya"]
[Black "Bartel, Mateusz"]
[Result "0-1"]
[WhiteTitle "WGM"]
[BlackTitle "GM"]
[WhiteElo "2276"]
[BlackElo "2653"]
[WhiteFideId "14112035"]
[BlackFideId "1112635"]
[EventDate "2011.12.17"]

1. e4 e6 2. d4 d5 3. Nc3 Bb4 4. exd5 exd5 5. Bd3 Nc6 6. a3 Bxc3+ 7. bxc3 Be6 8.
Ne2 Qd7 9. O-O O-O-O 10. a4 Na5 11. Nf4 Bg4 12. f3 Bf5 13. Bb5 c6 14. Be2 Ne7
15. Nd3 Bxd3 16. cxd3 Nf5 17. g4 Nd6 18. Bd2 b6 19. Rc1 Rhe8 20. Rf2 Ndb7 21.
Bf1 Kb8 22. Bg2 Ka8 23. h3 Qd6 24. f4 f5 25. Rb1 Qg6 26. Qf3 0-1

[Event "European Rapid 2011"]
[Site "Warsaw POL"]
[Date "2011.12.17"]
[Round "3"]
[White "Zhigalko, Sergei"]
[Black "Weichhold, Pawel"]
[Result "1-0"]
[WhiteTitle "GM"]
[WhiteElo "2651"]
[BlackElo "2304"]
[WhiteFideId "13502956"]
[BlackFideId "1139703"]
[EventDate "2011.12.17"]

1. e4 c5 2. Nf3 d6 3. d4 cxd4 4. Qxd4 Bd7 5. Bc4 Nc6 6. Qd3 Nf6 7. Nc3 e6 8. Bf4
Qa5 9. O-O-O Ne5 10. Nxe5 dxe5 11. Bd2 Qc7 12. Bb5 a6 13. Bxd7+ Nxd7 14. Qg3 Nf6
15. f3 1-0

[Event "European Rapid 2011"]
[Site "Warsaw POL"]
[Date "2011.12.17"]
[Round "3"]
[White "Socko, Bartosz"]
[Black "Skawinski, Arkadiusz"]
[Result "1-0"]
[WhiteTitle "GM"]
[WhiteElo "2635"]
[BlackElo "2300"]
[WhiteFideId "1107038"]
[BlackFideId "1126415"]
[EventDate "2011.12.17"]

1. e4 e6 2. d4 d5 3. Nc3 Bb4 4. e5 c5 5. a3 Qa5 6. Bd2 Qa4 7. Qb1 c4 8. h4 Bxc3
9. bxc3 Nc6 10. h5 h6 11. Nh3 Nge7 12. Nf4 Bd7 13. g3 O-O-O 14. Bh3 Kb8 15. O-O
Rdf8 16. Re1 Nd8 17. Ra2 g6 18. hxg6 fxg6 19. Qd1 Qc6 20. a4 Be8 21. Bc1 g5 22.
Ba3 Rh7 23. Nh5 Bxh5 24. Qxh5 Qe8 25. Qxe8 Rxe8 26. f4 gxf4 27. gxf4 Rf7 28. Rf1
Nf5 29. Kh2 Rg8 30. Raa1 Nh4 31. Rf2 Rfg7 32. Bd6+ Ka8 33. Raf1 Nf5 34. Re1 Rg6 1-0

[Event "European Rapid 2011"]
[Site "Warsaw POL"]
[Date "2011.12.17"]
[Round "3"]
[White "Howell, David W L"]
[Black "Toma, Katarzyna"]
[Result "0-1"]
[WhiteTitle "GM"]
[BlackTitle "WIM"]
[WhiteElo "2633"]
[BlackElo "2297"]
[WhiteFideId "410608"]
[BlackFideId "1119907"]
[EventDate "2011.12.17"]

1. e4 c5 2. Nf3 Nc6 3. Bb5 e6 4. Bxc6 bxc6 5. d3 Ne7 6. Qe2 d5 7. c4 Ng6 8. O-O
Be7 9. Nc3 d4 10. Na4 e5 11. b3 O-O 12. Ba3 Bg4 13. h3 Nf4 14. Qd1 Bh5 15. Kh2
Qc8 16. Rg1 f5 17. exf5 Qxf5 18. g4 Qxd3 19. Bxc5 0-1

[Event "European Rapid 2011"]
[Site "Warsaw POL"]
[Date "2011.12.17"]
[Round "3"]
[White "Kaim, Piotr"]
[Black "Romanov, Evgeny"]
[Result "0-1"]
[BlackTitle "GM"]
[WhiteElo "2262"]
[BlackElo "2627"]
[WhiteFideId "1101692"]
[BlackFideId "4148843"]
[EventDate "2011.12.17"]

1. e4 e5 2. Nf3 Nc6 3. Bc4 Bc5 4. d3 Nf6 5. Nc3 h6 6. Be3 Bb4 7. O-O Bxc3 8.
bxc3 O-O 9. Bb5 d6 10. Bxc6 bxc6 11. Nd2 Ng4 12. Qe2 f5 13. f4 fxe4 14. Nxe4 d5
15. Nc5 Qd6 16. h3 0-1

[Event "European Rapid 2011"]
[Site "Warsaw POL"]
[Date "2011.12.17"]
[Round "3"]
[White "Erdos, Viktor"]
[Black "Wiley, Tom E"]
[Result "1-0"]
[WhiteTitle "GM"]
[BlackTitle "FM"]
[WhiteElo "2623"]
[BlackElo "2292"]
[WhiteFideId "719978"]
[BlackFideId "401765"]
[EventDate "2011.12.17"]

1. d4 f5 2. g3 Nf6 3. Bg2 g6 4. c4 Bg7 5. Nf3 O-O 6. O-O d6 7. Nc3 Qe8 8. d5 Na6
9. Rb1 Nc5 10. Nb5 Qd8 11. Nbd4 a5 12. b3 Bd7 13. Ng5 h6 14. Nh3 g5 15. f4 g4
16. Nf2 Qe8 17. Bb2 c6 18. dxc6 bxc6 19. Re1 d5 20. cxd5 cxd5 21. Nd3 Nfe4 22.
Nxc5 Nxc5 23. Bxd5+ e6 24. Bxa8 Qxa8 25. e3 Rd8 26. Qe2 Bc8 27. Rbc1 Ba6 28. Rc4
Qd5 29. Rxc5 1-0

[Event "European Rapid 2011"]
[Site "Warsaw POL"]
[Date "2011.12.17"]
[Round "3"]
[White "Paterek, Michal"]
[Black "Mastrovasilis, Dimitrios"]
[Result "0-1"]
[WhiteTitle "FM"]
[BlackTitle "GM"]
[WhiteElo "2257"]
[BlackElo "2621"]
[WhiteFideId "1116142"]
[BlackFideId "4202694"]
[EventDate "2011.12.17"]

1. d4 d5 2. c4 c6 3. Nc3 e6 4. cxd5 exd5 5. Nf3 Bd6 6. Bg5 Qb6 7. Qd2 Bf5 8. g3
Ne7 9. Bg2 O-O 10. O-O Nd7 11. Bf4 Bxf4 12. gxf4 Rae8 13. Rac1 Nc8 14. Nh4 Bg4
15. h3 Qd8 16. hxg4 Qxh4 17. Bf3 Nf6 18. f5 Nxg4 19. Qf4 h5 20. Kg2 g5 21. Qc7
Re5 22. Bxg4 Qxg4+ 23. Kh2 Qxd4 24. e4 dxe4 25. Rcd1 Qc5 26. Rd8 Ree8 27. Nxe4
Rxe4 28. Rxc8 Rh4+ 29. Kg2 Rg4+ 30. Kh2 Qxf5 31. Rxf8+ Kxf8 32. f3 Qf4+ 33. Qxf4
Rxf4 34. Kg2 g4 0-1

[Event "European Rapid 2011"]
[Site "Warsaw POL"]
[Date "2011.12.17"]
[Round "3"]
[White "Andriasian, Zaven"]
[Black "Wlodarczyk, Robert"]
[Result "1-0"]
[WhiteTitle "GM"]
[BlackTitle "FM"]
[WhiteElo "2619"]
[BlackElo "2264"]
[WhiteFideId "13302000"]
[BlackFideId "1102710"]
[EventDate "2011.12.17"]

1. e4 e5 2. Nf3 Nc6 3. Bb5 Nf6 4. d3 Bc5 5. O-O O-O 6. Bxc6 bxc6 7. Nxe5 d5 8.
d4 Bb6 9. exd5 Qxd5 10. Be3 Ba6 11. c4 Bxc4 12. Nc3 Qe6 13. Re1 Ba6 14. Qf3 Bb7
15. Rad1 Nd5 16. Ne4 f6 17. Nd3 Rae8 18. Nec5 Qc8 19. Rc1 Ba5 20. Red1 Ba6 21.
a3 Bxd3 22. Nxd3 Qd7 23. h3 Bb6 24. Nf4 Nxf4 25. Bxf4 Re6 26. Be3 Qd5 27. Qxd5
cxd5 28. b4 Re4 29. a4 a5 30. bxa5 Bxa5 31. Rc5 Bb6 32. Rxd5 Ra8 33. Ra1 Ba5 34.
g4 Kf8 35. Kg2 Ke7 36. Rb5 Kd7 37. Kf3 Re6 38. Rh5 h6 39. Rd5+ Ke7 40. Rc5 Rea6
41. Rc4 Ke6 42. Ke4 Kd7 43. Kf5 Ke7 44. Kg6 Kf8 45. Rac1 Bb6 46. d5 Ba5 47. Rc6
Rxc6 1-0

[Event "European Rapid 2011"]
[Site "Warsaw POL"]
[Date "2011.12.17"]
[Round "3"]
[White "Overgaard, Christian Monrad"]
[Black "Gajewski, Grzegorz"]
[Result "0-1"]
[BlackTitle "GM"]
[WhiteElo "2250"]
[BlackElo "2616"]
[WhiteFideId "1400975"]
[BlackFideId "1116207"]
[EventDate "2011.12.17"]

1. Nf3 Nf6 2. c4 e6 3. g3 d5 4. d4 Bb4+ 5. Nbd2 O-O 6. Bg2 dxc4 7. O-O b5 8. a4
c6 9. Qc2 Bb7 10. b3 cxb3 11. Nxb3 Nbd7 12. e4 c5 13. e5 Be4 14. Qe2 c4 15. exf6
Bd3 16. Qd1 Bxf1 17. fxg7 Re8 18. Qxf1 cxb3 19. axb5 Rc8 20. Rb1 Qc7 21. Ng5 h6
22. Ne4 Qc4 23. Bd2 Bxd2 24. Nxd2 Qxf1+ 25. Kxf1 Kxg7 26. Bc6 Red8 27. Nxb3 Nf6
28. Ra1 Rc7 29. Ke2 Nd5 30. Kf1 0-1

[Event "European Rapid 2011"]
[Site "Warsaw POL"]
[Date "2011.12.17"]
[Round "3"]
[White "Melkumyan, Hrant"]
[Black "Kochetkova, Julia"]
[Result "1-0"]
[WhiteTitle "GM"]
[BlackTitle "WGM"]
[WhiteElo "2615"]
[BlackElo "2257"]
[WhiteFideId "13302485"]
[BlackFideId "4139690"]
[EventDate "2011.12.17"]

1. d4 Nf6 2. c4 e6 3. g3 d5 4. Nf3 dxc4 5. Bg2 a6 6. Ne5 c5 7. Na3 cxd4 8. Naxc4
Bb4+ 9. Bd2 Bxd2+ 10. Qxd2 O-O 11. O-O Nc6 12. Rfd1 Bd7 13. Nxd7 Nxd7 14. Bxc6
bxc6 15. Qxd4 Nf6 16. Rac1 Qxd4 17. Rxd4 c5 18. Rd6 h6 19. Kf1 Rfd8 20. Rcd1
Rdb8 21. Rc6 Rb5 22. Rdd6 a5 23. Ra6 Rab8 24. Rdb6 R8xb6 25. Rxb6 Rb4 26. b3
Rxb6 27. Nxb6 Nd5 28. Na4 Nb4 29. Nxc5 Nxa2 30. Nb7 Kf8 31. Ke1 Ke7 32. Kd2 Kd7
33. Nxa5 Kd6 34. Nc4+ Kd5 35. Ne3+ Kc5 36. Nc2 Kd5 37. f3 f5 38. h4 g6 39. Ne1
Nb4 40. Nd3 1-0

[Event "European Rapid 2011"]
[Site "Warsaw POL"]
[Date "2011.12.17"]
[Round "3"]
[White "Dionisi, Thomas"]
[Black "Markowski, Tomasz"]
[Result "0-1"]
[BlackTitle "GM"]
[WhiteElo "2249"]
[BlackElo "2606"]
[WhiteFideId "651893"]
[BlackFideId "1105680"]
[EventDate "2011.12.17"]

1. e4 d6 2. d4 Nf6 3. Nc3 Nc6 4. Nf3 Bg4 5. Be3 e5 6. dxe5 dxe5 7. Qxd8+ Rxd8 8.
Bb5 Bxf3 9. gxf3 a6 10. Bxc6+ bxc6 11. Ke2 Bd6 12. b3 Nd7 13. Na4 Ke7 14. c4 Ke6
15. Rad1 Be7 16. Rd3 Nf6 17. Rhd1 Rxd3 18. Rxd3 Nd7 19. h3 Bd6 20. Bd2 Rb8 21.
Ba5 c5 22. Bd2 g6 23. Bc1 f5 24. Ba3 Rf8 25. Rd5 fxe4 26. fxe4 Rf4 27. f3 Nf6
28. Rd1 Rh4 29. Bxc5 Rxh3 30. Bf2 Nh5 31. c5 Be7 32. c6 Nf4+ 33. Ke3 g5 34. Rg1
h5 35. Rg3 Rh2 36. b4 h4 37. Rg4 Nh3 38. Be1 Rxa2 39. Nc3 Ra1 40. Bd2 Nf4 41.
Ne2 Ra3+ 42. Kf2 0-1

[Event "European Rapid 2011"]
[Site "Warsaw POL"]
[Date "2011.12.17"]
[Round "3"]
[White "Kempinski, Robert"]
[Black "Bjertrup, Michael"]
[Result "1-0"]
[WhiteTitle "GM"]
[WhiteElo "2603"]
[BlackElo "2256"]
[WhiteFideId "1105663"]
[BlackFideId "1400584"]
[EventDate "2011.12.17"]

1. d4 Nf6 2. c4 c5 3. d5 b5 4. cxb5 a6 5. bxa6 Bxa6 6. g3 d6 7. Bg2 g6 8. Nc3
Bg7 9. Nf3 Nbd7 10. Rb1 O-O 11. O-O Qc7 12. Ne1 Nb6 13. Nc2 Rab8 14. b3 e6 15.
dxe6 fxe6 16. Bf4 Rbd8 17. Qd2 Qf7 18. Bg5 d5 19. b4 Nc4 20. Qc1 cxb4 21. Nxb4
Bb7 22. Nb5 Rfe8 23. e4 Rc8 24. exd5 exd5 25. Qf4 Ne4 26. Qxf7+ Kxf7 27. Bf4 Rc5
28. Nd3 Rxb5 29. Rxb5 Bc6 30. Rb4 g5 31. Bxe4 dxe4 32. Rxc4 exd3 33. Rxc6 gxf4
34. Rd6 1-0

[Event "European Rapid 2011"]
[Site "Warsaw POL"]
[Date "2011.12.17"]
[Round "3"]
[White "Jaroch, Pawel"]
[Black "Kravtsiv, Martyn"]
[Result "0-1"]
[BlackTitle "GM"]
[WhiteElo "2248"]
[BlackElo "2601"]
[WhiteFideId "1124366"]
[BlackFideId "14113147"]
[EventDate "2011.12.17"]

1. d4 Nf6 2. c4 e6 3. Nf3 b6 4. g3 Bb7 5. Bg2 Be7 6. O-O O-O 7. Nc3 Ne4 8. Nxe4
Bxe4 9. b3 Bf6 10. Bb2 d5 11. Qd2 dxc4 12. bxc4 c5 13. e3 Nc6 14. Rfd1 cxd4 15.
exd4 Rc8 16. h4 Na5 17. Qe2 Nxc4 18. Qxe4 Nxb2 19. Rdc1 Nc4 20. Qb7 Rc7 21. Qa6
Nd6 22. a4 Nf5 23. a5 Nxd4 24. Nxd4 Bxd4 25. Rab1 bxa5 26. Rxc7 Qxc7 27. Qd3 Rd8
28. Qf3 Bb6 29. Re1 g6 30. Re2 Qc5 31. Bh3 a4 32. Kh2 a3 33. h5 Qxh5 34. g4 Qc5 0-1

[Event "European Rapid 2011"]
[Site "Warsaw POL"]
[Date "2011.12.17"]
[Round "3"]
[White "Dziuba, Marcin"]
[Black "Rupf, Immo"]
[Result "1-0"]
[WhiteTitle "GM"]
[WhiteElo "2589"]
[BlackElo "2250"]
[WhiteFideId "1112953"]
[BlackFideId "4606337"]
[EventDate "2011.12.17"]

1. d4 e6 2. c4 f5 3. g3 Nf6 4. Bg2 d5 5. Nh3 c6 6. Nd2 Bd6 7. O-O O-O 8. Qc2
Nbd7 9. Nf3 Ne4 10. Nf4 Bxf4 11. Bxf4 g5 12. Bc1 g4 13. Ne1 Ndf6 14. Nd3 Qe8 15.
f3 Nd6 16. b3 Rf7 17. c5 Nb5 18. Ne5 Rg7 19. a4 Nc7 20. Bh6 Qh5 21. Bxg7 Kxg7
22. Qd2 Bd7 23. Qf4 Nce8 24. Rf2 b6 25. fxg4 fxg4 26. Rc1 bxc5 27. Rxc5 Rb8 28.
Nxd7 Nxd7 29. Rxc6 Nef6 30. Rxe6 Rf8 31. Re7+ Kg8 32. Qd6 Qg5 33. e3 Rc8 34.
Qe6+ Kh8 35. Rf5 Qg6 36. Rxd7 Nxd7 37. Qxd7 Rc1+ 38. Bf1 1-0

[Event "European Rapid 2011"]
[Site "Warsaw POL"]
[Date "2011.12.17"]
[Round "3"]
[White "Laimins, Lauris"]
[Black "Mista, Aleksander"]
[Result "0-1"]
[BlackTitle "GM"]
[WhiteElo "2244"]
[BlackElo "2587"]
[WhiteFideId "11602465"]
[BlackFideId "1110381"]
[EventDate "2011.12.17"]

1. d4 d5 2. Nf3 Nf6 3. c4 dxc4 4. Nc3 a6 5. a4 Nc6 6. e3 Na5 7. Ne5 Be6 8. Be2
g6 9. O-O Bg7 10. Qc2 c6 11. Rd1 Nd7 12. Nf3 Nb3 13. Rb1 h6 14. e4 b5 15. Be3
O-O 16. h3 f5 17. d5 cxd5 18. exd5 Bf7 19. axb5 axb5 20. Nxb5 Qb8 21. Bxc4 Na5
22. b3 Rc8 23. Qe2 Nf6 24. g3 Ne4 25. Nfd4 Nxg3 26. fxg3 Qxg3+ 27. Kf1 Qxh3+ 28.
Ke1 Nxc4 29. bxc4 Qh1+ 30. Kd2 Ra2+ 31. Nc2 Qxd5+ 32. Ke1 Qh1+ 33. Kd2 Qe4 34.
Na3 Bxc4 35. Qf2 Bd3 36. Rdc1 Bxc2 0-1

[Event "European Rapid 2011"]
[Site "Warsaw POL"]
[Date "2011.12.17"]
[Round "3"]
[White "Swiercz, Dariusz"]
[Black "Przezdziecka, Marta"]
[Result "1-0"]
[WhiteTitle "GM"]
[BlackTitle "WGM"]
[WhiteElo "2584"]
[BlackElo "2249"]
[WhiteFideId "1126881"]
[BlackFideId "1123009"]
[EventDate "2011.12.17"]

1. d4 Nf6 2. c4 g6 3. Nc3 d5 4. e3 Bg7 5. cxd5 Nxd5 6. Nxd5 Qxd5 7. Ne2 O-O 8.
Nc3 Qd8 9. Bc4 c5 10. d5 Nd7 11. e4 Nb6 12. Bb3 c4 13. Bc2 e6 14. dxe6 Bxe6 15.
Qe2 Re8 16. O-O Qe7 17. Be3 Rad8 18. Rac1 Qb4 19. Bb1 Na4 20. Nxa4 Qxa4 21. f4
f5 22. e5 Bf8 23. Rfd1 Qa5 24. Qf2 b6 25. h3 Qa4 26. Qc2 Qb5 27. Qe2 Bc5 28.
Bxc5 Qxc5+ 29. Qf2 Qxf2+ 30. Kxf2 Kf7 31. Ke3 Rd5 32. Rxd5 Bxd5 33. g4 Ke6 34.
gxf5+ gxf5 35. Rg1 Re7 36. Rg5 Rf7 37. Kd4 Bf3 38. a4 Bd1 39. Kxc4 Bxa4 40. Ba2 1-0

[Event "European Rapid 2011"]
[Site "Warsaw POL"]
[Date "2011.12.17"]
[Round "3"]
[White "Wandzik, Wojciech"]
[Black "Ruck, Robert"]
[Result "1-0"]
[BlackTitle "GM"]
[WhiteElo "2239"]
[BlackElo "2579"]
[WhiteFideId "1138910"]
[BlackFideId "705713"]
[EventDate "2011.12.17"]

1. e4 c5 2. Nf3 d6 3. d4 cxd4 4. Nxd4 Nf6 5. Nc3 a6 6. Be2 e5 7. Nb3 Be7 8. O-O
O-O 9. a4 Nc6 10. Be3 Be6 11. f3 Rc8 12. Qd2 Nb4 13. Rac1 d5 14. exd5 Nfxd5 15.
Nxd5 Nxd5 16. Rcd1 Qc7 17. c4 Nxe3 18. Qxe3 Bxc4 19. Rc1 b5 20. axb5 axb5 21.
Kh1 Qb8 22. Bxc4 Rxc4 23. Rxc4 bxc4 24. Nd2 Rc8 25. Rc1 Qxb2 26. Rxc4 Rd8 27.
Nf1 Rd1 28. Rc8+ Bf8 29. Kg1 Qa1 30. Qf2 Qa6 31. Rc2 g6 32. g3 Qd3 33. Qe2 Qd5
34. Kg2 Ra1 35. Ne3 Qd4 36. Rd2 Qa7 37. Ng4 Rg1+ 38. Kh3 1-0

[Event "European Rapid 2011"]
[Site "Warsaw POL"]
[Date "2011.12.17"]
[Round "3"]
[White "Moranda, Wojciech"]
[Black "Kulon, Klaudia"]
[Result "1-0"]
[WhiteTitle "GM"]
[BlackTitle "WFM"]
[WhiteElo "2568"]
[BlackElo "2238"]
[WhiteFideId "1122401"]
[BlackFideId "1131044"]
[EventDate "2011.12.17"]

1. d4 d5 2. c4 e6 3. Nf3 c6 4. Nbd2 f5 5. g3 Nf6 6. Bg2 Bd6 7. O-O O-O 8. Ne5 b6
9. Ndf3 Bb7 10. cxd5 exd5 11. Bg5 Qe8 12. Bxf6 Rxf6 13. Rc1 c5 14. e3 Re6 15. b3
Na6 16. Nd3 Rc8 17. dxc5 bxc5 18. Ng5 Rg6 19. Nh3 Qd7 20. Ndf4 Bxf4 21. Nxf4 Rd6
22. Qe2 Nb4 23. Rfd1 g5 24. a3 gxf4 25. axb4 fxg3 26. hxg3 cxb4 27. Ra1 a6 28.
Rd4 Qc7 29. Rxb4 Qc3 30. Qe1 Qxe1+ 31. Rxe1 Rc7 32. Rd1 Kf7 33. Rf4 Kg6 34. b4
Rc2 35. Bf1 Rb2 36. Bd3 Rb6 37. Bxf5+ Kg5 38. g4 h6 39. Rdd4 Rf6 40. Bd3 1-0

[Event "European Rapid 2011"]
[Site "Warsaw POL"]
[Date "2011.12.17"]
[Round "3"]
[White "Dumanski, Aleksander"]
[Black "Zontakh, Andrey"]
[Result "1/2-1/2"]
[BlackTitle "GM"]
[WhiteElo "2229"]
[BlackElo "2566"]
[WhiteFideId "1114379"]
[BlackFideId "14101130"]
[EventDate "2011.12.17"]

1. d4 Nf6 2. c4 e6 3. Nc3 Bb4 4. Bg5 h6 5. Bh4 c5 6. d5 Bxc3+ 7. bxc3 d6 8. e3
Qe7 9. Bd3 Nbd7 10. Ne2 Ne5 11. O-O g5 12. Bg3 Nxd3 13. Qxd3 e5 14. f4 e4 15.
Qd2 Nh5 16. Rf2 f5 17. a4 Bd7 18. a5 O-O-O 19. Rb1 Kb8 20. Qb2 Bc8 21. Qb5 Qd7
22. Qxd7 Rxd7 23. fxg5 Nxg3 24. Nxg3 hxg5 25. Rxf5 Rdh7 26. Rxg5 Rxh2 27. Rf1
R2h4 28. Rf6 Rd8 29. Rg7 b6 30. axb6 axb6 31. Nf5 Bxf5 32. Rxf5 Rdh8 33. Rff7
Rh1+ 34. Kf2 Rb1 35. Rd7 Rf8+ 36. Kg3 Re1 37. Rxd6 Rxe3+ 38. Kh2 Rh8+ 39. Kg1
Rxc3 40. Rxb6+ Ka8 41. Ra6+ Kb8 42. Rb6+ Ka8 1/2-1/2

[Event "European Rapid 2011"]
[Site "Warsaw POL"]
[Date "2011.12.17"]
[Round "3"]
[White "Banusz, Tamas"]
[Black "Budrewicz, Krzysztof"]
[Result "0-1"]
[WhiteTitle "GM"]
[WhiteElo "2563"]
[BlackElo "2229"]
[WhiteFideId "722413"]
[BlackFideId "1127950"]
[EventDate "2011.12.17"]

1. Nf3 Nf6 2. c4 c6 3. d4 d5 4. Qb3 g6 5. Bf4 Bg7 6. e3 O-O 7. Nc3 a6 8. cxd5
Nxd5 9. Be5 Qa5 10. Bxg7 Kxg7 11. Be2 Nxc3 12. Qxc3 Qxc3+ 13. bxc3 Be6 14. a4
Bd5 15. a5 Nd7 16. Kd2 e5 17. Rhb1 c5 18. dxe5 Rfd8 19. Ke1 c4 20. Rd1 Nc5 21.
Rab1 Rac8 22. Rb4 Ne4 23. Rc1 Rc5 24. Ra4 Rc7 25. Nd4 Nc5 26. Rb4 Bxg2 27. Bxc4
Rdc8 28. Be2 Nd7 29. e6 Nc5 30. exf7 Rxf7 31. f3 Bh3 32. e4 g5 33. Kd2 Kh8 34.
Ke3 Re8 35. Rc4 Re5 36. Rg1 h6 37. Nc2 Ne6 38. Rc8+ Kh7 39. Bc4 Re7 40. Bxe6
Bxe6 41. Rb8 Rxa5 42. Nd4 Bc4 43. f4 0-1